Popularne numery rap/trap tygodnia 05-11.03 Spotify. - Statystyki

Ogólne statystyki
  • Ten quiz został rozwiązany 13 razy
  • Średni wynik to 16 z 30
Statystyki odpowiedzi
Wykonawca Odsłuchania Utwór % Poprawnych
Young Leosia 783K Szklanki
100%
Ekipa 753K 3KIPA
92%
Wiatr, Sobel, Be Vis 438K Testarossa
85%
Guzior 612K BLUEBERRY
77%
Quebonafide, Daria Zawiałow 344K BUBBLETEA
77%
Guzior, Oskar83 493K FALA
69%
Sobel 483K Alien
62%
Alberto 374K Dwutakt
62%
Kizo, Trill Pem 430K Fitness
62%
Sobel 347K Impreza
62%
Sobel 321K Kinol
62%
Reto 360K Billy Kid
54%
White 2115 233K California
54%
Mata, Wyguś, Szczepan, Adam 239K GOMBAO 33
54%
OIO 638K Moonwalk
54%
SB Maffija 232K A nie pamiętasz jak?
46%
Wac Toja 274K Kapitan
46%
Żabson 435K OBOK
46%
Mata 243K Schodki
46%
Qry 265K Bierz do buzi
38%
Favst, Gibbs, Kukon 244K halo
38%
Taco Hemingway 272K Polskie Tango
38%
Bedoes, Lanek 353K TOA$T /
38%
Malik Montana, Tovaritch 486K Bratan
31%
Bedoes, Lanek 257K Doda
31%
Chivas, White 2115 400K Mam Na Twarzy Krew I Tym Razem Nie Jest Sztuczna
31%
Tymek, Kuba Karaś, Urbanski 243K Oczko w głowie
31%
Bedoes, Lanek 267K City Boy
23%
Kabe, Opiat 313K Nad ranem
23%
PRO8L3M 242K V
23%
Nie znaleziono quizów pasujących do podanych kryteriów
Rozkład punktacji
Procent ludzi z każdym wynikiem
Percentyl według liczby udzielonych odpowiedzi
Twoja historia wyników
Nie rozwiązałeś tego quizu